000
00269nam a2200097Ia 4500
001
759664
005
20250826164920.0
008
250824s9999 xx 000 0 und d
245
0
_a
KÖR KALBE AŞK DOKUNMAZ
_c
Yazar Adı Belirtilmemiş
260
_b
KARATAY AKADEMİ YAYINLARI
999
_c
759664
_d
759664